ბათუმის შოთა რუსთაველის სახელმწიფო უნივერსიტეტის ბიბლიოთეკა

მხატვრული ლიტერატურის სწავლება:[საზღვარგარეთის ლიტერატურის სწავლების მეთოდიკა] (ბიბ.ჩანაწერი № 43920)

000 -LEADER
fixed length control field 00937nam a2200217Ia 4500
001 - CONTROL NUMBER
control field 10669
003 - CONTROL NUMBER IDENTIFIER
control field GE_BSU
008 - FIXED-LENGTH DATA ELEMENTS--GENERAL INFORMATION
fixed length control field 181216s||||||||xx |||||||||||||| ||und||
020 ## - INTERNATIONAL STANDARD BOOK NUMBER
International Standard Book Number 9789941918926
040 ## - CATALOGING SOURCE
Transcribing agency GE_BSU
080 ## - UNIVERSAL DECIMAL CLASSIFICATION NUMBER
Universal Decimal Classification number 821.09(072)
100 ## - MAIN ENTRY--PERSONAL NAME
Personal name ღამბაშიძე,ნინო.
245 ## - TITLE STATEMENT
Title მხატვრული ლიტერატურის სწავლება:[საზღვარგარეთის ლიტერატურის სწავლების მეთოდიკა]
260 ## - PUBLICATION, DISTRIBUTION, ETC.
Place of publication, distribution, etc. თბილისი.
260 ## - PUBLICATION, DISTRIBUTION, ETC.
Name of publisher, distributor, etc. არტლაინსი.
260 ## - PUBLICATION, DISTRIBUTION, ETC.
Date of publication, distribution, etc. 2011.
300 ## - PHYSICAL DESCRIPTION
Extent 82გვ;25სმ.
653 ## - INDEX TERM--UNCONTROLLED
Uncontrolled term მხატვრული ლიტერატურის სწავლება:[საზღვარგარეთის ლიტერატურის სწავლების მეთოდიკა]
942 ## - ADDED ENTRY ELEMENTS (KOHA)
Koha item type წიგნი
ეგზემპლარები
Withdrawn status Lost status Damaged status Not for loan Date acquired Barcode Date last seen Price effective from Koha item type Public note
        2018-12-17 34825 2018-12-17 2018-12-17 წიგნი  
        2018-12-17 34826 2018-12-17 2018-12-17 წიგნი  
        2018-12-17 34827 2018-12-17 2018-12-17 წიგნი  
        2018-12-17 34828 2018-12-17 2018-12-17 წიგნი  
        2018-12-17 34829 2018-12-17 2018-12-17 წიგნი  
        2018-12-17 34830 2018-12-17 2018-12-17 წიგნი  
        2018-12-17 34831 2018-12-17 2018-12-17 წიგნი  
        2018-12-17 34832 2018-12-17 2018-12-17 წიგნი  
        2018-12-17 34833 2018-12-17 2018-12-17 წიგნი  
        2018-12-17 34834 2018-12-17 2018-12-17 წიგნი  
        2018-12-17 41094 2018-12-17 2018-12-17 წიგნი  
        2018-12-17 41095 2018-12-17 2018-12-17 წიგნი  
        2018-12-17 41096 2018-12-17 2018-12-17 წიგნი  
        2018-12-17 41097 2018-12-17 2018-12-17 წიგნი  
        2018-12-17 41098 2018-12-17 2018-12-17 წიგნი  
        2018-12-17 41099 2018-12-17 2018-12-17 წიგნი  
        2018-12-17 41100 2018-12-17 2018-12-17 წიგნი  
        2018-12-17 41101 2018-12-17 2018-12-17 წიგნი  
        2018-12-17 41102 2018-12-17 2018-12-17 წიგნი  
        2018-12-17 41103 2018-12-17 2018-12-17 წიგნი  
        2018-12-17 47586 2018-12-17 2018-12-17 წიგნი 11ლ.50თ
        2018-12-17 47587 2018-12-17 2018-12-17 წიგნი 11ლ.50თ
        2018-12-17 47588 2018-12-17 2018-12-17 წიგნი 11ლ.50თ
        2018-12-17 47589 2018-12-17 2018-12-17 წიგნი 11ლ.50თ
        2018-12-17 47590 2018-12-17 2018-12-17 წიგნი 11ლ.50თ
        2018-12-17 47591 2018-12-17 2018-12-17 წიგნი 11ლ.50თ
        2018-12-17 47592 2018-12-17 2018-12-17 წიგნი 11ლ.50თ
        2018-12-17 47593 2018-12-17 2018-12-17 წიგნი 11ლ.50თ
        2018-12-17 47594 2018-12-17 2018-12-17 წიგნი 11ლ.50თ
        2018-12-17 47595 2018-12-17 2018-12-17 წიგნი 11ლ.50თ